01326cam a2200313 a 4500999001700000001000800017005001700025008004100042010001700083020001500100035002000115040002200135042001400157050003100171245009000202250001200292260005000304300004400354500011000398500012200508500006700630500002000697650001400717700002700731700005400758906004500812942003200857952012300889 c17721d17721436382220161129093016.0930914s1992 ohua 001 0 eng d a 90062303  a0538612177 a(OCoLC)24124086 aMiYEMcMiYEMdDLC alccopycat00aHF5356.D27 1992b.D27 199200aIntroduction to business :bthe economy and you /cAnne Scott Daughtrey ... [et al.]. a2nd ed. aCincinnati :bSouth-Western Pub. Co.,cc1992. ax, 662 p. :bill. (some col.) ;c24 cm. aRev. ed. of: Introduction to business / Anne Scott Daughtrey, Robert A. Ristau, Steven A. Eggland. c1986. a"Retains much of the ... context developed through 12 editions of General business for economic understanding"--Pref. aAppendix A, Finding and using information sources: p. 603-609. aIncludes index. 0aBusiness.1 aDaughtrey, Anne Scott.1 aDaughtrey, Anne Scott.tIntroduction to business. a7bcbcccopycatd3eopcnf19gy-gencatlg 2lcccBOOKShHF5356.D27 1992 00102lcc4070aMUCbMUCcTECHd2016-11-29eDonation(B.F.A)l0oHF5356.D27 1992p28477r2018-06-12w2016-11-29yBOOKS